Statistiques concernant Du plus grand au plus petit. (Pays D'Asie)

Cliquez ici pour prendre le quiz!

Statistiques générales

  • Ce quiz a été pris 169 fois
    (157 depuis la dernière actualisation)
  • Le résultat moyen est 27 sur 47

Statistiques - réponses

PlaceSuperficie (km²)RéponsesIndices% Correct
19 597 000Chine5 lettres
99%
23 287 000Inde4 lettres
96%
32 720 000Kazakhstan10 lettres
88%
42 150 000Arabie Saoudite14 lettres
87%
61 650 000Iran4 lettres
83%
51 900 000Indonésie9 lettres
80%
71 560 000Mongolie8 lettres
77%
8796 095Pakistan8 lettres
71%
9783 562Turquie7 lettres
67%
16438 317Irak4 lettres
66%
11652 230Afghanistan11 lettres
65%
15447 400Ouzbékistan11 lettres
64%
46697Singapour9 lettres
64%
14488 100Turkménistan12 lettres
63%
17377 915Japon5 lettres
61%
47298Maldives8 lettres
60%
4211 586Qatar5 lettres
60%
4115 007Timor Oriental13 lettres
60%
45760Bahrein7 lettres
57%
3383 600Emirats Arabes Unis17 lettres (nom complet)
57%
22236 800Laos4 lettres
55%
10676 578Birmanie8 lettres
54%
445 765Brunei6 lettres
54%
12527 968Yémen5 lettres
54%
4017 818Koweït6 lettres
53%
4310 400Liban5 lettres
53%
20309 500Oman4 lettres
52%
23199 951Kirghizistan12 lettres
51%
18331 210Viet Nam7 lettres
51%
29120 538Corée du Nord11 lettres
48%
3099 720Corée du Sud10 lettres
48%
3920 770Israël6 lettres
48%
24185 180Syrie5 lettres
48%
13513120Thaïlande9 lettres
47%
26147 181Népal5 lettres
46%
21300 000Philippines11 lettres
46%
3469 700Géorgie7 lettres
45%
3565 610Sri Lanka8 lettres
45%
28143 100Tadjikistan11 lettres
45%
3829 743Arménie7 lettres
43%
3735 980Taïwan6 lettres
43%
3286 600Azerbaïdjan11 lettres
42%
3638 394Bhoutan7 lettres
42%
25181 035Cambodge8 lettres
39%
27143 998Bangladesh10 lettres
37%
3189 342Jordanie8 lettres
35%
19329 847Malaisie9 lettres
35%

Distribution des résultats

Percentile par nombre de réponses

% des personnes avec chaque résultat

Votre développement - résultats

Vous n’avez pas pris ce quiz depuis la dernière actualisation